King Crimson - The Court of the Crimson King - Lyrics - Statistics

General Stats
  • This quiz has been taken 37 times
  • The average score is 119 of 181
Answer Stats
Hint Answer % Correct
a
100%
court
100%
crimson
100%
I
100%
in
100%
Refrain In
100%
king
100%
of
100%
Verse 1 | Verse 2 | Verse 3 The
100%
the
100%
an
95%
play
86%
To
86%
to
86%
piper
77%
purple
77%
soft
77%
softly
77%
choir
73%
does
73%
Refrain For
73%
his
73%
not
73%
sings
73%
yellow
73%
and
68%
And
68%
But
68%
gently
68%
plays
68%
pulls
68%
strings
68%
tune
68%
ancient
64%
by
64%
jester
64%
on
64%
Verse 4 On
64%
prison
64%
Three
64%
walk
64%
witch
64%
Are
59%
fire
59%
lullabies
59%
shattered
59%
tongue
59%
As
55%
as
55%
begun
55%
chains
55%
dance
55%
horizons
55%
puppets
55%
road,
55%
rusted
55%
sun
55%
change
50%
city
50%
keeper
50%
moons
50%
smiles
50%
summon
50%
tournament's
50%
evergreen
45%
keys
45%
men
45%
satisfy
45%
back
41%
gardener
41%
plants
41%
share
41%
sweet
41%
wise
41%
bells
36%
black
36%
flower
36%
funeral
36%
grey
36%
hoax
36%
joke
36%
mornings
36%
queen
36%
run
36%
sour
36%
taste
36%
wait
36%
widows
36%
cry
32%
divining
32%
march
32%
prism
32%
ring
32%
ship
32%
will
32%
wind
32%
chants
27%
Put
27%
signs
27%
trampling
27%
Whilst
27%
begins
23%
brass
23%
chase
23%
dreams
23%
grasp
23%
pilgrims
23%
shutters
23%
With
23%
door
18%
grinding
18%
hand
18%
insufficient
18%
juggler
18%
lifts
18%
pattern
18%
slowly
18%
wheel
18%
cracked
14%
orchestra
14%
schemes
14%
turns
14%
outside
9%
No matching quizzes found
Score Distribution
Percent of People with Each Score
Percentile by Number Answered
Your Score History
You have not taken this quiz